| 000 | 00982nam a2200229 a 4500 | ||
|---|---|---|---|
| 001 | 74138 | ||
| 003 | BD-RjUL | ||
| 005 | 20211209082512.0 | ||
| 008 | 180307s2016 bg a|||| |||| 000 0 ben d | ||
| 020 |
_a9847290296 _cTk. 250.00 |
||
| 035 | _a(BD-RjUL)74356 | ||
| 040 |
_aBD-RjUL _beng _cBD-RjUL |
||
| 041 | _aben | ||
| 082 |
_223 _a370.95492 _bPAC 2016 |
||
| 245 |
_aপঁচিশ বছরের শিক্ষাব্যবস্থার দর্পণ : স ম্পাদকীয় শিক্ষাবার্তা (১৯৮৭-২০১২) / _cসম্পাদক ; এ এন রাশেদা |
||
| 260 |
_aঢাকা : _bশিক্ষাবার্তা প্রকাশনা , _c২০১৬ |
||
| 300 |
_aখন্ড ; _bছবি : _c22 সেমি. |
||
| 505 | _aখন্ড. ১ -- | ||
| 650 |
_aশিক্ষাব্যবস্থা _zবাংলাদেশ _9220417 |
||
| 650 |
_aEducation _zBangladesh _9220418 |
||
| 942 |
_2ddc _cBK |
||
| 999 |
_c74138 _d74138 |
||